All Grow a Garden Prismatics - Statistics

General Stats
  • This quiz has been taken 17 times
  • The average score is 11 of 16
Answer Stats
Source Prismatic % Correct
(Plant) Seed Shop Beanstalk
93%
(Plant) Seed Shop Burning Bud
87%
(Plant) Seed Shop Elder Strawberry
87%
(Plant) Seed Shop Giant Pinecone
87%
(Plant) Seed Shop Sugar Apple
80%
(Plant) Seed Shop Ember Lily
73%
(Pet) Exotic Kitsune Chest Kitsune
73%
(Plant) Seed Shop Romanesco
73%
(Plant) Kitsune Chest Tranquil Bloom
73%
(Gear) Gear Shop Level Up Lollipop
67%
(Plant) Summer Seed Pack Elephant Ears
60%
(Gear) Gear Shop Grandmaster Sprinkler
60%
(Pet) Zen Egg Corrupted Kitsune
53%
(Plant) Seed Shop Cocomango
47%
(Plant) Enchanted Seed Pack Wispwing
47%
(Plant) Garden Ascension Mangrove
33%
No matching quizzes found
Score Distribution
Percent of People with Each Score
Percentile by Number Answered
Your Score History
You have not taken this quiz